Edad, sexo y participación electoral en Costa Rica /
En este trabajo se explora la influencia de la edad y del sexo sobre el porcentaje de electores que votaron en las elecciones presidenciales de 1982 a 1994. Se destaca el aumento significativo de la participación de las mujeres que ya para 1984 superan la participación de los hombres entre los 18 y...
Gespeichert in:
| 1. Verfasser: | |
|---|---|
| Format: | Text |
| Schlagworte: | |
| Tags: |
Tag hinzufügen
Keine Tags, Fügen Sie den ersten Tag hinzu!
|
MARC
| LEADER | 00000 a a2200000 04500 | ||
|---|---|---|---|
| 001 | 2975 | ||
| 003 | |||
| 040 | |||
| 100 | |a Hernández R, Oscar E. | ||
| 245 | |a Edad, sexo y participación electoral en Costa Rica / |c Oscar E. Hernández R | ||
| 520 | |a En este trabajo se explora la influencia de la edad y del sexo sobre el porcentaje de electores que votaron en las elecciones presidenciales de 1982 a 1994. Se destaca el aumento significativo de la participación de las mujeres que ya para 1984 superan la participación de los hombres entre los 18 y 50 años. REV//jmml | ||
| 650 | |a POLITICA | ||
| 650 | |a ELECCIONES | ||
| 650 | |a EDAD | ||
| 650 | |a SEXO | ||
| 650 | |a MUJERES | ||
| 650 | |a POBLACION | ||
| 650 | |a PARTICIPACION POLITICA | ||
| 650 | |a PARTICIPACION FEMENINA | ||
| 650 | |a ESTADISTICAS SOCIALES | ||
| 650 | |a ELECCIONES | ||
| 773 | |g volumen 16, número 1 -2; páginas 131-140 | ||
| 999 | |c 34527 |d 34527 | ||
